Local government reform (Record no. 408895)

000 -LEADER
fixed length control field 00387cam a22001217a 4500
008 - FIXED-LENGTH DATA ELEMENTS--GENERAL INFORMATION
fixed length control field 180718b1969 xxu||||| |||| 00| 0 eng d
082 ## - DEWEY DECIMAL CLASSIFICATION NUMBER
Classification number B7x42 Un3 c.2
245 ## - TITLE STATEMENT
Title Local government reform
Statement of responsibility, etc. U.K.
260 ## - PUBLICATION, DISTRIBUTION, ETC.
Place of publication, distribution, etc. London
Name of publisher, distributor, etc. Her Majestionery office
Date of publication, distribution, etc. 1969
300 ## - PHYSICAL DESCRIPTION
Extent vi,21p
650 ## - SUBJECT ADDED ENTRY--TOPICAL TERM
Topical term or geographic name entry element Conflict of interests --Great Britain
650 ## - SUBJECT ADDED ENTRY--TOPICAL TERM
Topical term or geographic name entry element Local government --Law and legislation --Great Britain
Holdings
Withdrawn status Lost status Damaged status Not for loan Permanent Location Current Location Date acquired Full call number Barcode Date last seen Price effective from Koha item type
        Indian Institute of Public Administration Indian Institute of Public Administration 2008-12-29 B7x42 Un3 c.2 DA1560 2018-07-21 2018-07-21 DA

Powered by Koha